Techniques of die casting

Bibliographic Details
Main Authors: Ružbarský, Juraj, 1971- (Author), Paško, Ján (Author), Gašpár, Štefan (Author)
Format: Book
Language:English
PhysicalDescription:199 strán ilustrácie, tabuľky 25 cm
Published: Lüdenscheid RAM-Verlag 2014
ISBN:9783942303293
Edition:Edition first
Subjects:

MARC

LEADER 00000cam a2200000 4500
001 vtls011857647
003 SK-MaSNL
005 20260301051341.0
008 210701s2014 gw a frn 000 0 eng
015 |a SNBZSA2021/01 
020 |a 9783942303293  |q (viazané) 
035 |a urn:nbn:sk:snk-am00feqj 
035 |a urn:nbn:sk:snk-am3ir5g 
035 |a DAC57DBE-DB4C-4FBE-98B2-B4BEE44D1F4B 
040 |a SNK  |b slo  |c SNK  |e rda 
041 0 |a eng 
044 |a gw  |c DE 
072 7 |a 621  |x Strojárstvo  |2 konspekt 
080 |a 621.746  |2 2011 
080 |a 001.126-029:6  |2 2011 
080 |a (048.8)  |2 2011 
100 1 |a Ružbarský, Juraj,  |d 1971-  |4 aut  |9 190572 
245 1 0 |a Techniques of die casting  |c by Juraj Ružbarský, Ján Paško, Štefan Gašpár 
250 |a Edition first 
264 1 |a Lüdenscheid  |b RAM-Verlag  |c 2014 
300 |a 199 strán  |b ilustrácie, tabuľky  |c 25 cm 
336 |a text  |b txt  |2 rdacontent 
337 |a bez média  |b n  |2 rdamedia 
338 |a zväzok  |b nc  |2 rdacarrier 
504 |a Obsahuje bibliografiu na strane 197-199 
650 0 7 |a odlievanie kovov  |2 SNKPH  |9 107705 
650 0 7 |a analýza  |2 SNKPH  |9 3815 
650 0 7 |a technológia  |2 SNKPH  |9 66619 
650 0 7 |a Founding  |2 SNKPHeng  |9 300887 
650 0 7 |a Technology  |2 SNKPHeng  |9 266383 
655 7 |a monografie  |2 SNKPH  |9 70139 
655 7 |a Monographs  |2 SNKPHeng  |9 120675 
700 1 |a Paško, Ján  |4 aut  |9 9382 
700 1 |a Gašpár, Štefan  |4 aut  |9 358477 
919 |a 978-3-942303-29-3 
958 |a OND 
958 |a NB 
999 |c 603110  |d 605040 
952 |a SNK  |b SNK  |y PREZ  |7 0  |p 17A1389489  |o snkSC 185996  |i snk2019/25029  |8 4  |g 63.79  |0 0  |1 0  |4 0  |d 2019-03-25  |f 1  |l 0  |r 2026-02-23 16:00:15  |w 2026-02-23